<?xml version="1.0" encoding="UTF-8"?><?xml-stylesheet type="text/xsl" href="static/style.xsl"?><OAI-PMH xmlns="http://www.openarchives.org/OAI/2.0/" xmlns:xsi="http://www.w3.org/2001/XMLSchema-instance" xsi:schemaLocation="http://www.openarchives.org/OAI/2.0/ http://www.openarchives.org/OAI/2.0/OAI-PMH.xsd"><responseDate>2026-04-18T05:54:03Z</responseDate><request verb="GetRecord" identifier="oai:www.recercat.cat:10459.1/71373" metadataPrefix="marc">https://recercat.cat/oai/request</request><GetRecord><record><header><identifier>oai:recercat.cat:10459.1/71373</identifier><datestamp>2024-12-05T22:36:32Z</datestamp><setSpec>com_2072_3622</setSpec><setSpec>col_2072_479130</setSpec></header><metadata><record xmlns="http://www.loc.gov/MARC21/slim" xmlns:dcterms="http://purl.org/dc/terms/" xmlns:xsi="http://www.w3.org/2001/XMLSchema-instance" xmlns:doc="http://www.lyncode.com/xoai" xsi:schemaLocation="http://www.loc.gov/MARC21/slim http://www.loc.gov/standards/marcxml/schema/MARC21slim.xsd">
   <leader>00925njm 22002777a 4500</leader>
   <datafield ind2=" " ind1=" " tag="042">
      <subfield code="a">dc</subfield>
   </datafield>
   <datafield ind2=" " ind1=" " tag="720">
      <subfield code="a">Rábago Panduro, Lourdes Melisa</subfield>
      <subfield code="e">author</subfield>
   </datafield>
   <datafield ind2=" " ind1=" " tag="260">
      <subfield code="c">2021-06-02T07:25:20Z</subfield>
   </datafield>
   <datafield ind2=" " ind1=" " tag="260">
      <subfield code="c">2022-02-19T01:00:18Z</subfield>
   </datafield>
   <datafield ind2=" " ind1=" " tag="260">
      <subfield code="c">2021-02-19</subfield>
   </datafield>
   <datafield ind2=" " ind1=" " tag="520">
      <subfield code="a">Les nous pacanes són una font important d’àcids grassos mono- i poliinsaturats, fitosterols, tocoferols i compostos fenòlics. La tecnologia de polsos elèctrics (PE) s’està aplicant com a pretractament per millorar l’extracció d’oli de diferents llavors augmentant el rendiment d’extracció d’oli (REO). Aquesta tesi va demostrar que compostos fenòlics i capacitat antioxidant de les nous pacanes tenen molta relació amb l'assecat i temps d'emmagatzematge, evidenciant el seu impacte en les seves propietats funcionals. Pel que fa al tractament amb PE, la immersió de les nous en aigua per a l'aplicació de PE va disminuir el contingut inicial d'oli tant en les nous fresques com seques, demostrant que cal tenir en compte l'oli extret en l'aigua de remull. A més, l'efectivitat de la tecnologia de PE va ser depenent de la nou pacana utilitzada incrementant el REATOTAL a nou fresca però no en nou seca.</subfield>
   </datafield>
   <datafield ind2=" " ind1=" " tag="520">
      <subfield code="a">La almendra de nuez pecanera es una fuente importante de ácidos grasos mono- y poliinsaturados, fitoesteroles, tocoferoles y compuestos fenólicos. Una alternativa para mejorar el rendimiento de extracción de aceite total (REATOTAL) del aceite de nuez es la tecnología de campos eléctricos pulsados (CEP). En esta tesis doctoral se evidenció que tanto el contenido de compuestos fenólicos como la capacidad antioxidante de la nuez pecanera son alterados por el proceso de secado y el tiempo de almacenamiento lo que podría repercutir en las propiedades funcionales de este alimento. Respecto a la aplicación de CEP, es necesario considerar la recuperación del aceite extraído en el agua de remojo. Además, la efectividad de la tecnología de CEP fue dependiente de la nuez pecanera utilizada incrementando el REATOTAL en nuez fresca pero no en nuez seca.</subfield>
   </datafield>
   <datafield ind2=" " ind1=" " tag="520">
      <subfield code="a">Pecan nut kernels have been identified as an important source of mono- and polyunsaturated fatty acids, phytosterols, tocopherols, and phenolic compounds. Pulsed electric fields (PEF) are being applied as a pretreatment to improve oil extraction from different seeds increasing the oil extraction yield (OEY). This dissertation proved that phenolic compounds and antioxidant capacity of kernels are highly susceptible to drying and storage time, evidencing their impact on the functional properties of pecan nuts. Concerning pretreatment with PEF, it was demonstrated that it is necessary to take into consideration the recovery of the oil retained into the soaking water. Furthermore, the effectiveness of PEF to improve OEYTOTAL depended on whether the pretreatment was applied to fresh or dry pecan nuts, improving OEYTOTAL of fresh kernels but with no effect on OEYTOTAL of dry kernels.</subfield>
   </datafield>
   <datafield ind1="8" ind2=" " tag="024">
      <subfield code="a">http://hdl.handle.net/10459.1/71373</subfield>
   </datafield>
   <datafield tag="653" ind2=" " ind1=" ">
      <subfield code="a">Nous pacanes</subfield>
   </datafield>
   <datafield tag="653" ind2=" " ind1=" ">
      <subfield code="a">Compostos bioactius</subfield>
   </datafield>
   <datafield tag="653" ind2=" " ind1=" ">
      <subfield code="a">Polsos elèctrics</subfield>
   </datafield>
   <datafield tag="653" ind2=" " ind1=" ">
      <subfield code="a">Nuez pecanera</subfield>
   </datafield>
   <datafield tag="653" ind2=" " ind1=" ">
      <subfield code="a">Compuestos bioactivos</subfield>
   </datafield>
   <datafield tag="653" ind2=" " ind1=" ">
      <subfield code="a">Campos eléctricos pulsados</subfield>
   </datafield>
   <datafield tag="653" ind2=" " ind1=" ">
      <subfield code="a">Pecan nuts</subfield>
   </datafield>
   <datafield tag="653" ind2=" " ind1=" ">
      <subfield code="a">Bioactive compounds</subfield>
   </datafield>
   <datafield tag="653" ind2=" " ind1=" ">
      <subfield code="a">Pulsed electric fields</subfield>
   </datafield>
   <datafield tag="653" ind2=" " ind1=" ">
      <subfield code="a">Tecnologia d'Aliments</subfield>
   </datafield>
   <datafield tag="653" ind2=" " ind1=" ">
      <subfield code="a">663/664</subfield>
   </datafield>
   <datafield ind2="0" ind1="0" tag="245">
      <subfield code="a">Evaluation of compositional changes in pecan nuts during storage and the use of pulsed electric fields as an aid to enhance oil extraction yield</subfield>
   </datafield>
</record></metadata></record></GetRecord></OAI-PMH>